Angielskie nazwy sprzętu AGD - Statystyki

Ogólne statystyki
  • Ten quiz został rozwiązany 119 razy
  • Średni wynik to 13 z 24
Statystyki odpowiedzi
Polski Angielski % Poprawnych
Radio Radio
90%
Lodówka Refrigerator
81%
Żelazko Iron
76%
Air fryer Air fryer
75%
Blender Blender
71%
Mikrofalówka Microwave
70%
Pralka Washing machine
70%
Głośnik Speaker
69%
Piekarnik Oven
64%
Zmywarka Dishwasher
58%
Suszarka Dryer
58%
Toster Toaster
58%
Odkurzacz Vacuum cleaner
58%
Zamrażarka Freezer
54%
Klimatyzator Air conditioner
49%
Czajnik Kettle
47%
Ekspres do kawy Coffeemaker
44%
Kuchenka Cooker / stove
43%
Wiatrak Fan
39%
Frytownica Fryer
36%
Sokowirówka Juicer
33%
Gofrownica Waffle iron
29%
Maszynka do golenia Razor
20%
Okap Hood
9%
Nie znaleziono quizów pasujących do podanych kryteriów
Rozkład punktacji
Procent ludzi z każdym wynikiem
Percentyl według liczby udzielonych odpowiedzi
Twoja historia wyników
Nie rozwiązałeś tego quizu